Countries with a Tropical Monsoon Climate - Statistics

General Stats
  • This quiz has been taken 50 times
  • The average score is 59 of 69
Answer Stats
Hint Answer % Correct
Asia Indonesia
95%
North America United States
95%
North America Belize
92%
South America Colombia
92%
North America Cuba
92%
North America Guatemala
92%
North America Haiti
92%
North America Honduras
92%
Asia India
92%
Asia Malaysia
92%
North America Mexico
92%
South America Venezuela
92%
South America Brazil
90%
Asia Cambodia
90%
Africa Democratic Republic of the Congo
90%
North America Dominican Republic
90%
South America Guyana
90%
North America Jamaica
90%
Asia Myanmar
90%
North America Panama
90%
Oceania Papua New Guinea
90%
South America Suriname
90%
Oceania Australia
87%
North America Bahamas
87%
Asia Bangladesh
87%
North America Costa Rica
87%
South America Ecuador
87%
Africa Madagascar
87%
North America Nicaragua
87%
Africa Nigeria
87%
South America Paraguay
87%
Asia Philippines
87%
Africa Republic of the Congo
87%
North America Saint Kitts and Nevis
87%
North America Trinidad and Tobago
87%
Asia Vietnam
87%
Asia China
85%
Africa Ghana
85%
Africa Kenya
85%
Asia Laos
85%
South America Peru
85%
Africa Tanzania
85%
Africa Uganda
85%
South America Bolivia
82%
Africa Cameroon
82%
Africa Equatorial Guinea
82%
North America Grenada
82%
Africa Ivory Coast
82%
Africa Mozambique
82%
Asia Sri Lanka
82%
Asia Thailand
82%
Africa Togo
82%
North America Barbados
79%
Africa Gabon
79%
Africa Guinea
79%
Africa Liberia
79%
Africa Malawi
79%
Africa Mauritius
79%
Africa São Tomé and Príncipe
79%
Africa Sierra Leone
79%
Asia Taiwan
79%
Africa Central African Republic
77%
Africa Guinea-Bissau
77%
Africa Comoros
74%
Asia East Timor
74%
Oceania Fiji
74%
Asia Maldives
72%
Africa Ethiopia
67%
Oceania Kiribati
67%
No matching quizzes found
Score Distribution
Percent of People with Each Score
Percentile by Number Answered
Your Score History
You have not taken this quiz